[Event "FRA-ch U18 Girls"]
[Site "Montbeliard"]
[Date "2014.04.21"]
[Round "1"]
[White "Guillaume, Ombeline"]
[Black "Bellaiche, Elise"]
[Result "0-1"]
[WhiteElo "1580"]
[BlackElo "2044"]
[PlyCount "62"]
[EventDate "2014.04.21"]
[EventType "swiss"]
[EventRounds "9"]
[EventCountry "FRA"]
[SourceTitle "CBM 160 Extra"]
[Source "ChessBase"]
[SourceDate "2014.07.01"]
[SourceVersion "1"]
[SourceVersionDate "2014.07.01"]
[SourceQuality "1"]

1. d4 e6 2. c4 b6 3. Nf3 Bb7 4. e3 f5 5. Bd3 Nf6 6. 0-0 Be7 7. Nc3 0-0 8. Bd2 Ne4 9. Qc2 Nxc3 10. Bxc3 Qe8 11. e4 Qh5 12. b4 Bd6 13. c5 Bf4 14. Bd2 Bxd2 15. Nxd2 Nc6 16. Qc4 Ne7 17. cxb6 cxb6 18. Qc7 Bc8 19. Bb5 Nc6 20. Bxc6 dxc6 21. Qxc6 Rb8 22. Nf3 Qf7 23. Ne5 Qe7 24. Qc1 Qd6 25. Nc6 Rb7 26. e5 Qd5 27. Qc3 Rc7 28. Rfc1 Bb7 29. b5 Qxb5 30. Qb4 Qd5 31. Qd6 Rxc6 0-1

[Event "Sautron op (Women)"]
[Site "Sautron"]
[Date "2013.05.10"]
[Round "5"]
[White "Retailleau, Anne"]
[Black "Guillaume, Ombeline"]
[Result "0-1"]
[WhiteElo "1340"]
[BlackElo "1554"]
[PlyCount "62"]
[EventDate "2013.05.08"]
[EventType "swiss"]
[EventRounds "6"]
[EventCountry "FRA"]
[SourceTitle "EXT 2014"]
[Source "ChessBase"]
[SourceDate "2013.11.20"]
[SourceVersion "1"]
[SourceVersionDate "2013.11.20"]
[SourceQuality "1"]

1. e4 e5 2. Nf3 Nc6 3. Bc4 Nf6 4. d3 Bc5 5. 0-0 d6 6. h3 Qe7 7. Bg5 h6 8. Bh4 g5 9. Bg3 g4 10. Nh4 gxh3 11. Nf5 Bxf5 12. exf5 hxg2 13. Kxg2 0-0-0 14. c3 Rdg8 15. Nd2 h5 16. Rh1 h4 17. Ne4 Nxe4 18. dxe4 hxg3 19. Rxh8 Rxh8 20. fxg3 Na5 21. Be2 Bb6 22. b4 Nc6 23. Bg4 f6 24. Qd5 Qh7 25. Rf1 Qh6 26. a3 Qe3 27. Qe6+ Kb8 28. Bh5 Qd2+ 29. Kf3 Qd3+ 30. Kg2 Qxe4+ 31. Bf3 Qc2+ 0-1

[Event "Sautron op (Women)"]
[Site "Sautron"]
[Date "2013.05.09"]
[Round "3"]
[White "Guillaume, Ombeline"]
[Black "Auvray, Honorine"]
[Result "0-1"]
[WhiteElo "1554"]
[BlackElo "1842"]
[PlyCount "127"]
[EventDate "2013.05.08"]
[EventType "swiss"]
[EventRounds "6"]
[EventCountry "FRA"]
[SourceTitle "EXT 2014"]
[Source "ChessBase"]
[SourceDate "2013.11.20"]
[SourceVersion "1"]
[SourceVersionDate "2013.11.20"]
[SourceQuality "1"]

1. d4 Nf6 2. c4 g6 3. Nc3 d5 4. Qa4+ Bd7 5. Qb3 dxc4 6. Qxc4 a6 7. Bf4 c6 8. e4 b5 9. Qd3 Be6 10. b3 Bg7 11. Nf3 h6 12. Ne5 Nh5 13. Be3 c5 14. Rd1 Bxe5 15. dxe5 Qxd3 16. Bxd3 Nd7 17. f4 Ng7 18. Rf1 f5 19. exf6 exf6 20. Nd5 Rc8 21. Rc1 f5 22. a4 fxe4 23. Bxe4 Bf5 24. Bxf5 Nxf5 25. axb5 axb5 26. Ke2 Kf7 27. g4 Nxe3 28. Kxe3 Rhe8+ 29. Kd3 Rcd8 30. Kc3 Nf6 31. Nxf6 Kxf6 32. Rfe1 Rxe1 33. Rxe1 Rd4 34. Rf1 b4+ 35. Kc2 h5 36. h3 c4 37. bxc4 Rxc4+ 38. Kb3 Re4 39. Rf3 Rd4 40. Kb2 hxg4 41. hxg4 Rd2+ 42. Kb3 Rg2 43. f5 g5 44. Kxb4 Rxg4+ 45. Kc3 Re4 46. Kd3 Re5 47. Rf2 Rxf5 48. Ke3 Kg6 49. Ke2 Ra5 50. Kf3 Ra4 51. Kg3 Ra8 52. Rc2 Ra4 53. Rc6+ Kh5 54. Rc5 Rg4+ 55. Kh3 Rf4 56. Rd5 Re4 57. Kg3 Re3+ 58. Kf2 Ra3 59. Kg2 Kh4 60. Rd4+ g4 61. Rf4 Ra2+ 62. Kg1 Kg3 63. Rf1 Rf2 64. Rxf2 0-1

[Event "FRA-ch U12 Girls"]
[Site "Aix les Bains"]
[Date "2009.04.19"]
[Round "1"]
[White "Banat, Rizlene"]
[Black "Guillaume, Ombeline"]
[Result "1-0"]
[WhiteElo "1542"]
[BlackElo "1290"]
[PlyCount "187"]
[EventDate "2009.04.19"]
[EventType "swiss"]
[EventRounds "9"]
[EventCountry "FRA"]
[SourceTitle "CBM 130 Extra"]
[Source "ChessBase"]
[SourceDate "2009.07.02"]
[SourceVersion "2"]
[SourceVersionDate "2009.07.15"]
[SourceQuality "1"]

1. Nf3 d5 2. d4 Nc6 3. g3 Nf6 4. Bg2 Bf5 5. b3 Nb4 6. Na3 e6 7. c3 Nc6 8. 0-0 Bd6 9. c4 dxc4 10. bxc4 b6 11. Nb5 Bb4 12. a3 Ba5 13. Bb2 a6 14. Nc3 0-0 15. h3 Qd7 16. Nh4 Rad8 17. Nxf5 exf5 18. e3 Rfe8 19. Qa4 Ne4 20. Nxe4 fxe4 21. Kh1 Re7 22. d5 Na7 23. Qxd7 Rdxd7 24. Rfd1 Nc8 25. Rd4 Nd6 26. Rc1 Re5 27. Bc3 Bxc3 28. Rxc3 b5 29. c5 Nf5 30. Rxe4 Rxe4 31. Bxe4 g6 32. Rd3 Re7 33. Bxf5 gxf5 34. Rd4 a5 35. d6 cxd6 36. cxd6 Rd7 37. Rd5 b4 38. axb4 axb4 39. Rxf5 Rb7 40. d7 Rxd7 41. Rb5 Rd1+ 42. Kg2 Rb1 43. f4 Kg7 44. h4 Kg6 45. Kf2 Rb2+ 46. Kf3 h5 47. Rg5+ Kh6 48. g4 hxg4+ 49. Rxg4 Kh5 50. Rg7 f5 51. Rf7 Kg6 52. Rb7 b3 53. Rb6+ Kh5 54. Rb5 Kg6 55. h5+ Kxh5 56. Rxf5+ Kg6 57. Rb5 Rb1 58. Ke4 b2 59. Rb3 Kf6 60. Kd3 Kf5 61. Kc2 Rc1+ 62. Kxb2 Re1 63. Kc2 Ke4 64. Kd2 Rh1 65. Kc2 Rh2+ 66. Kb1 Rh1+ 67. Ka2 Rh2+ 68. Ka3 Rh1 69. Kb4 Rh7 70. Ra3 Rb7+ 71. Kc5 Rc7+ 72. Kd6 Rf7 73. Ke6 Rb7 74. Kf6 Rb6+ 75. Kg5 Rb5+ 76. Kg4 Rb4 77. f5 Rb5 78. Ra4+ Kxe3 79. Rf4 Rb8 80. f6 Rg8+ 81. Kf5 Rc8 82. Re4+ Kf3 83. f7 Rf8 84. Re7 Kg3 85. Kg6 Rxf7 86. Rxf7 Kg4 87. Kg7 Kg5 88. Kf8 Kg6 89. Ke7 Kg5 90. Ke6 Kg6 91. Rf1 Kg7 92. Rf6 Kg8 93. Rg6+ Kh7 94. Kf7 1-0